Vision in action : Putting a winning strategy to work

Gespeichert in:
Bibliographische Detailangaben
Format: Buch
Sprache:Undetermined
Veröffentlicht: New York A Fireside 1989
Schlagworte:
Tags: Tag hinzufügen
Keine Tags, Fügen Sie den ersten Tag hinzu!
Thư viện lưu trữ: Trung tâm Học liệu Trường Đại học Cần Thơ
LEADER 00594nam a2200193Ia 4500
001 CTU_99204
008 210402s9999 xx 000 0 und d
082 |a 658.4102 
082 |b V831 
245 0 |a Vision in action : 
245 0 |b Putting a winning strategy to work 
245 0 |c Benjamin B. Tregoe ... [et al.] 
260 |a New York 
260 |b A Fireside 
260 |c 1989 
650 |a Strategic planning,Strategic planning,Management 
650 |x Employee participation,Employee participation 
904 |i Truc, Q. Hieu 
980 |a Trung tâm Học liệu Trường Đại học Cần Thơ